Statistieken voor De Big Five

Klik hier om de quiz te nemen!

Algemene statistieken

  • Deze quiz is 72 keer genomen
  • De gemiddelde score is 3 van 5

Antwoordstatistieken

HintAntwoord% Correct
4Leeuw
91%
1Olifant
89%
2Neushoorn
60%
5Buffel
58%
3Luipaard
45%

Scoreverdeling

Percentiel versus Aantal Correcte Antwoorden

Procent van Mensen met Elke Score

Uw Scoregeschiedenis

U heeft deze quiz nog niet genomen